000 01859nam a2200553 i 4500
001 20012
003 KOSZ 005
005 20200430125324.0
008 000114s1980 pl a f f |001 0 pol
015 _aUWD 1981/1379
020 _a8322000782
035 _a991012477119705066
035 _a(PL-WaBN)b13376962-48omnis_nlop
035 _ab13376962
035 _a(OCoLC)830251422
035 _a(PL)b0000001337696
035 _a(EXLNZ-48OMNIS_NETWORK)9910193446805606
040 _aWA N
_cWA N
_dKOSZ 005/HR
041 0 _apol
080 _a624.13
080 _a549
080 _a553.6
080 _a661
245 0 0 _aMetody badań gruntów spoistych /
_cpod red. nauk. Barbary Grabowskiej-Olszewskiej ; [aut. Bernadetta Budziosz et al.].
250 _aWydanie 2.
260 _aWarszawa :
_bWydawnictwa Geologiczne,
_c1980.
300 _a294, [1] s., [1] k. tabl. :
_bil., tab., wykr. ;
_c25 cm.
336 _aTekst
_btxt
_2rdacontent
337 _aBez urządzenia pośredniczącego
_bn
_2rdamedia
338 _aWolumin
_bnc
_2rdacarrier
380 _aKsiążki
380 _aPublikacje dydaktyczne
385 _mPoziom nauczania
_aSzkoły wyższe
388 _a1901-2000
504 _aBibliogr. przy rozdz. - Indeks.
650 7 _a
_2DBN
650 7 _aMechanika gruntów
_2DBN
650 7 _aMinerały
_2DBN
650 7 _aWymieniacze jonowe
_2DBN
650 7 _aGeologia inżynierska
655 7 _aPodręczniki akademickie
_2DBN
658 _aArchitektura i budownictwo
658 _aGeografia i nauki o Ziemi
700 1 _aBudziosz, Bernadetta
_eAutor
700 1 _aGrabowska-Olszewska, Barbara
_d(1933- )
_eRedakcja
856 _uhttp://koha.tu.koszalin.pl/cgi-bin/koha/opac-detail.pl?biblionumber=20012
_zKatalog online BPK
942 _2UKD
_cKS
999 _c20012
_d20012